Normal view
MARC view
Entry Personal Name
001 - CONTROL NUMBER
- control field: 35249
003 - CONTROL NUMBER IDENTIFIER
- control field: ARRUPE
005 - DATE AND TIME OF LATEST TRANSACTION
- control field: 20170825092614.0
008 - FIXED-LENGTH DATA ELEMENTS
- fixed length control field: 170825|| aca||aabn | a|a d
040 ## - CATALOGING SOURCE
- Original cataloging agency: ARRUPE
- Transcribing agency: ARRUPE
100 ## - HEADING--PERSONAL NAME
- Personal name: Stevens, Wallace,
- Dates associated with a name: 1879-1955
- General subdivision: Criticism and interpretation.
670 ## - SOURCE DATA FOUND
- Source citation: Work cat.: (ARRUPE)0: Dickie, Margaret, 1935- 35247, Lyric contingencies :, c1991.